000 00422cam a2200169ua 4500
041 _aeng
_h
082 _a823.301
_bRAM/SE
100 _aRamaswamy, S .
245 _aSelect short stories of today /
_cS Ramaswamy.
_hTextual Documents
250 _a1 /
_b.
260 _aMadras :
_bNational Publishing House ,
_c1967.
300 _a143 ; .
504 _a
942 _cBK
999 _c4060
_d4060